[Event "Frankfurt Ch 2010"]
[Site "Ffm-Kalbach, LAZ"]
[Date "2010.05.17"]
[Round "4.28"]
[White "Zimmer, Gerald"]
[Black "Ellrich, Jochen"]
[Result "0-1"]
[WhiteElo "1779"]
[BlackElo "2080"]
[PlyCount "78"]
[EventDate "2010.??.??"]
[SourceDate "2009.03.13"]
[WhiteTeam "SC Bergen-Enkheim 1922"]
[BlackTeam "SK Bad Homburg 1927"]

1. d4 e6 2. c4 f5 3. Nc3 Nf6 4. g3 Be7 5. Bg2 O-O 6. Nf3 d6 7. O-O Qe8 8. b4
Ne4 9. Bb2 Qh5 10. e3 Nc6 11. b5 Nxc3 12. Bxc3 Nd8 13. a4 g5 14. Nd2 Qg6 15. a5
Rb8 16. f4 Nf7 17. e4 Bd7 18. exf5 exf5 19. Qb3 Rfe8 20. Rae1 gxf4 21. gxf4 Bh4
22. Rxe8+ Rxe8 23. Nf3 Bf6 24. Qc2 Re4 25. Qd2 Qg4 26. h3 Qxf4 27. Qxf4 Rxf4
28. Kf2 Re4 29. Ne5 dxe5 30. Bxe4 exd4 31. Bxb7 dxc3 32. Ke2 Kf8 33. Kd3 Be5
34. Bd5 h6 35. h4 Nd6 36. Rg1 f4 37. Re1 Bf5+ 38. Ke2 c2 39. Kd2 Bb2 0-1

[Event "Frankfurt Ch 2010"]
[Site "Ffm-Kalbach, LAZ"]
[Date "2010.05.17"]
[Round "4.29"]
[White "Genis, Roy"]
[Black "Donchenko, Irina"]
[Result "0-1"]
[WhiteElo "1947"]
[BlackElo "2058"]
[PlyCount "70"]
[EventDate "2010.??.??"]
[SourceDate "2009.03.13"]
[WhiteTeam "SG 1945 Dietzenbach"]
[BlackTeam "SK 1858 Gießen"]

1. e4 c6 2. d4 d5 3. e5 Bf5 4. Nf3 e6 5. Be2 c5 6. c3 Nc6 7. O-O h6 8. Be3 Qc7
9. Bd3 Nge7 10. Nh4 Bxd3 11. Qxd3 g5 12. Nf3 Ng6 13. g3 a6 14. a3 c4 15. Qc2
Be7 16. Nbd2 O-O 17. Ne1 Bd8 18. Ng2 Nce7 19. f4 Nf5 20. fxg5 hxg5 21. Rf2 Kg7
22. Raf1 Nh6 23. h3 Nf5 24. Kh2 f6 25. Rxf5 exf5 26. Rxf5 fxe5 27. dxe5 Rxf5
28. Qxf5 Qf7 29. Qxf7+ Kxf7 30. Nf3 Ke6 31. Nxg5+ Bxg5 32. Bxg5 Nxe5 33. Nf4+
Kf5 34. Bh6 Ke4 35. h4 Ng4+ 0-1

[Event "Frankfurt Ch 2010"]
[Site "Ffm-Kalbach, LAZ"]
[Date "2010.05.17"]
[Round "4.30"]
[White "Haftmann, Rainer"]
[Black "Henzelmann, Klaus"]
[Result "1/2-1/2"]
[WhiteElo "1881"]
[BlackElo "2101"]
[PlyCount "191"]
[EventDate "2010.??.??"]
[SourceDate "2009.03.13"]
[WhiteTeam "SG 1945 Dietzenbach"]
[BlackTeam "SK 1858 Gießen"]

1. e4 g6 2. d4 Bg7 3. Nc3 d6 4. Nf3 a6 5. Be3 b5 6. a3 Nd7 7. Be2 Bb7 8. O-O c5
9. d5 Ngf6 10. Nd2 O-O 11. f4 Rc8 12. Bf3 Qc7 13. Na2 e6 14. dxe6 fxe6 15. c3
Kh8 16. Qe1 Ng8 17. Qg3 d5 18. e5 Nh6 19. Bg4 Rfe8 20. Nf3 Nf8 21. Rad1 Nf7 22.
h4 h5 23. Bh3 Rcd8 24. Qf2 Rc8 25. Nc1 Nd7 26. Ne2 Nh6 27. Ng5 Nf5 28. Bxf5
exf5 29. Nf7+ Kh7 30. Nd6 Re6 31. Nxc8 Qxc8 32. b4 c4 33. Nd4 Re8 34. Nf3 Nf8
35. Ng5+ Kg8 36. Bd4 Bh6 37. Rde1 Bxg5 38. fxg5 Ne6 39. Qd2 Qc6 40. Rf3 Bc8 41.
g3 Rf8 42. Rd1 Bb7 43. Rf2 Bc8 44. Kh2 Bb7 45. Qe3 Bc8 46. Bc5 Rf7 47. Rfd2 Rd7
48. Bd6 Bb7 49. Qf3 Qb6 50. Qf2 Qd8 51. Rxd5 Bxd5 52. Rxd5 Qa8 53. Qg2 Kf7 54.
Rd2 Qxg2+ 55. Kxg2 Nc7 56. Re2 Ke6 57. Bxc7 Rxc7 58. a4 bxa4 59. Ra2 Kxe5 60.
Rxa4 Rc6 61. Kf3 Kd5 62. Ra5+ Ke6 63. Kf4 Kd6 64. Ke3 Kc7 65. Kd4 Kb6 66. Re5
Kb7 67. Kd5 Rc7 68. Re6 Rf7 69. Rf6 Rg7 70. Kxc4 Rc7+ 71. Kb3 Rg7 72. c4 Rg8
73. c5 Rg7 74. Kc4 Rg8 75. b5 axb5+ 76. Kxb5 Kc8 77. Kc6 Kd8 78. Rf7 Kc8 79.
Kd6 Rd8+ 80. Kc6 Re8 81. Rf6 Rg8 82. Rf7 Re8 83. Ra7 Kb8 84. Rf7 Re6+ 85. Kb5
Re3 86. Rf6 Rb3+ 87. Kc6 Rxg3 88. Rxg6 Rh3 89. Rf6 Rxh4 90. Rxf5 Rg4 91. Rf8+
Ka7 92. Rg8 h4 93. g6 h3 94. Rh8 Rxg6+ 95. Kb5 Rg3 96. Rh7+ 1/2-1/2

[Event "Frankfurt Ch 2010"]
[Site "Ffm-Kalbach, LAZ"]
[Date "2010.05.17"]
[Round "4.31"]
[White "Fröhlich-Dill, Astrid"]
[Black "Ganjian, Mehrdad"]
[Result "1/2-1/2"]
[WhiteElo "1910"]
[BlackElo "1890"]
[PlyCount "134"]
[EventDate "2010.??.??"]
[SourceDate "2009.03.13"]
[WhiteTeam "SV 1920 Hofheim"]
[BlackTeam "Sfr. Frankfurt 1921"]

1. d4 d6 2. e4 g6 3. Bc4 c6 4. f3 Nd7 5. a3 Bg7 6. c3 a5 7. Be3 b5 8. Bd3 Bb7
9. Ne2 Qc7 10. Nd2 Ngf6 11. c4 bxc4 12. Bxc4 O-O 13. Rc1 Nb6 14. Ba2 Nfd7 15.
O-O Ba6 16. Re1 e5 17. d5 c5 18. Nc3 Rfb8 19. b4 axb4 20. axb4 Bf8 21. b5 Bc8
22. Bb3 Ra7 23. Ra1 Rba8 24. Rxa7 Rxa7 25. Qc2 Be7 26. Rc1 Qd8 27. Na4 Nxa4 28.
Bxa4 Nb6 29. Bb3 Bd7 30. Bc4 Bg5 31. Bxg5 Qxg5 32. Qc3 Ra4 33. Bf1 h5 34. Re1
Rb4 35. Rb1 Ra4 36. Nc4 Nxc4 37. Bxc4 Bh3 38. Bf1 Ra2 39. Rb2 Rxb2 40. Qxb2
Qe3+ 41. Qf2 Qxf2+ 42. Kxf2 Bc8 43. b6 Kf8 44. Bb5 Ke7 45. Bc6 f5 46. b7 Bxb7
47. Bxb7 f4 48. Ke2 g5 49. h3 Kd7 50. Kd3 Kc7 51. Bc6 Kb6 52. Kc3 Ka5 53. Kb3
Kb6 54. Ka4 Ka6 55. Bb5+ Kb6 56. h4 gxh4 57. Be8 Ka6 58. Kb3 Ka5 59. Kc4 Kb6
60. Kd3 Ka5 61. Kc3 Kb6 62. Bxh5 Kb5 63. Be8+ Kb6 64. Ba4 Ka5 65. Bd1 Kb5 66.
Be2+ Ka4 67. Kc4 Ka5 1/2-1/2

[Event "Frankfurt Ch 2010"]
[Site "Ffm-Kalbach, LAZ"]
[Date "2010.05.17"]
[Round "4.32"]
[White "Lemonidis, Christos"]
[Black "Faqiry, Ramat"]
[Result "0-1"]
[WhiteElo "1762"]
[BlackElo "1977"]
[PlyCount "68"]
[EventDate "2010.??.??"]
[SourceDate "2009.03.13"]
[WhiteTeam "SC 1961 König Nied"]
[BlackTeam "SK Bad Homburg 1927"]

1. e4 d5 2. exd5 Qxd5 3. Nc3 Qd6 4. Bc4 c6 5. d3 Nf6 6. Nge2 g6 7. O-O Bg7 8.
Ng3 O-O 9. Nce4 Nxe4 10. Nxe4 Qc7 11. Be3 Nd7 12. Qc1 Ne5 13. Bf4 Qb6 14. Bb3
Bf5 15. Bxe5 Bxe5 16. Qg5 Qc7 17. f4 Bxb2 18. Ng3 Bf6 19. Qh6 Bxa1 20. Rxa1
Qb6+ 21. Kh1 Qd4 22. Rf1 Be6 23. f5 Bxb3 24. f6 exf6 25. h3 Bd5 26. Rf4 Qa1+
27. Kh2 f5 28. d4 f6 29. Rh4 Rf7 30. Ne2 Qf1 31. Nf4 g5 32. Nxd5 cxd5 33. Rh5
Qf4+ 34. Kh1 Re8 0-1

[Event "Frankfurt Ch 2010"]
[Site "Ffm-Kalbach, LAZ"]
[Date "2010.05.17"]
[Round "4.33"]
[White "Poetsch, Gero"]
[Black "Jordake, Michael"]
[Result "1-0"]
[WhiteElo "2015"]
[BlackElo "1643"]
[PlyCount "131"]
[EventDate "2010.??.??"]
[SourceDate "2009.03.13"]
[WhiteTeam "SC Nidderau"]
[BlackTeam "SC Bergen-Enkheim 1922"]

1. e3 e5 2. d4 exd4 3. exd4 Nf6 4. Bg5 d5 5. Bd3 Be7 6. Nf3 Nbd7 7. Nc3 h6 8.
Bf4 c6 9. h3 Nf8 10. Ne5 Qb6 11. Qd2 Qxd4 12. Nxf7 Ne6 13. Be5 Qb6 14. Nxh8 d4
15. Na4 Qb4 16. Qxb4 Bxb4+ 17. c3 dxc3 18. bxc3 Be7 19. Ng6 Bd8 20. O-O b5 21.
Nb2 Kf7 22. Nf4 Nxf4 23. Bxf4 Ba5 24. c4 Bc3 25. Rab1 a6 26. Rfc1 Bd4 27. cxb5
Nd5 28. Bc4 Be6 29. Bxd5 cxd5 30. Rc7+ Kg8 31. Nd1 axb5 32. Nc3 Bxc3 33. Rxc3
d4 34. Rc2 Bf5 35. Rbb2 Bxc2 36. Rxc2 Kf7 37. Kf1 Ke6 38. Ke2 Kd5 39. Rb2 Ke4
40. Bd6 Kd5 41. Bb4 Kc4 42. a3 d3+ 43. Kf3 Re8 44. Bd2 Ra8 45. Rb4+ Kc5 46.
Be3+ Kc6 47. Rb3 b4 48. axb4 Rd8 49. b5+ Kb7 50. Bd2 Kb6 51. Ke3 Rd5 52. Rxd3
Rxb5 53. Rc3 Rf5 54. g4 Rf7 55. f4 Re7+ 56. Kf3 Rd7 57. Be3+ Kb5 58. f5 Kb4 59.
Rc8 Rf7 60. Bd4 h5 61. Kf4 hxg4 62. hxg4 Kb5 63. Rg8 Rd7 64. Bxg7 Kc6 65. Be5
Rd1 66. Rg6+ 1-0

[Event "Frankfurt Ch 2010"]
[Site "Ffm-Kalbach, LAZ"]
[Date "2010.05.17"]
[Round "4.34"]
[White "Schramm, Christian"]
[Black "Tews, Artur"]
[Result "1-0"]
[WhiteElo "2322"]
[BlackElo "1765"]
[PlyCount "21"]
[EventDate "2010.??.??"]
[SourceDate "2009.03.13"]
[WhiteTeam "SC 1959 Obernau"]
[BlackTeam "Bad Vilbeler Sfr.1985"]

1. d4 c5 2. Nf3 Nf6 3. Nc3 cxd4 4. Nxd4 Nc6 5. e4 d6 6. Bg5 Ng4 7. Bb5 Qb6 8.
Nd5 Qd8 9. Nxc6 bxc6 10. Bxc6+ Bd7 11. Bxa8 1-0

[Event "Frankfurt Ch 2010"]
[Site "Ffm-Kalbach, LAZ"]
[Date "2010.05.17"]
[Round "4.35"]
[White "Henzner, Reiner"]
[Black "Makilla, Tobias"]
[Result "1-0"]
[WhiteElo "2082"]
[BlackElo "1897"]
[PlyCount "49"]
[EventDate "2010.??.??"]
[SourceDate "2009.03.13"]
[WhiteTeam "SV Oberursel"]
[BlackTeam "Sfr.1932 Kelkheim"]

1. e4 e5 2. Nf3 Nc6 3. Bb5 a6 4. Ba4 Nf6 5. d4 exd4 6. O-O b5 7. Bb3 Nxe4 8.
Re1 d5 9. Nxd4 Nxd4 10. Qxd4 Be6 11. c4 bxc4 12. Ba4+ Ke7 13. f3 c5 14. Qe3 Nf6
15. Qxc5+ Qd6 16. Qd4 g6 17. b3 Rb8 18. Ba3 Rb4 19. bxc4 Bg7 20. Qa7+ Nd7 21.
Bxd7 Bxa1 22. Bxe6+ Kf6 23. Qxf7+ Kg5 24. Bc1+ Kh5 25. Bg4+ 1-0

[Event "Frankfurt Ch 2010"]
[Site "Ffm-Kalbach, LAZ"]
[Date "2010.05.17"]
[Round "4.36"]
[White "Seifert, Norbert"]
[Black "Neumann, Manfred"]
[Result "0-1"]
[WhiteElo "2054"]
[BlackElo "1761"]
[PlyCount "48"]
[EventDate "2010.??.??"]
[SourceDate "2009.03.13"]
[WhiteTeam "Sfr. Neuberg"]
[BlackTeam "SC 1961 König Nied"]

1. d4 d5 2. Nf3 Nf6 3. g3 g6 4. Bg2 Bg7 5. O-O O-O 6. c4 c6 7. Nc3 Nbd7 8. cxd5
cxd5 9. Bf4 Qa5 10. Rc1 Nh5 11. Bg5 Re8 12. Qb3 Nb6 13. Nb5 Nc4 14. Ne5 a6 15.
Nc3 e6 16. Nf3 b5 17. Rfd1 Bd7 18. a3 h6 19. Bd2 Qb6 20. Be1 Rab8 21. Na2 a5
22. e3 Rec8 23. Qd3 Nxb2 24. Bxa5 Qxa5 0-1

[Event "Frankfurt Ch 2010"]
[Site "Ffm-Kalbach, LAZ"]
[Date "2010.05.17"]
[Round "4.37"]
[White "Plattner, Rolf"]
[Black "Cors, Heinz-Friedrich"]
[Result "1-0"]
[WhiteElo "1925"]
[BlackElo "1959"]
[PlyCount "81"]
[EventDate "2010.??.??"]
[SourceDate "2009.03.13"]
[WhiteTeam "SK Langen"]
[BlackTeam "SV Schachf.Darmstadt 1994"]

1. d4 Nf6 2. Nf3 e6 3. c4 b6 4. Nc3 Bb7 5. a3 Be7 6. e3 O-O 7. Bd3 d5 8. O-O
dxc4 9. Bxc4 Nbd7 10. Qe2 c5 11. Rd1 a6 12. dxc5 bxc5 13. e4 Qc7 14. Bg5 Nb6
15. Bb3 Bc6 16. Bc2 Rfe8 17. Bh4 Nh5 18. Ng5 Nf4 19. Qf3 h6 20. Nh3 Nxh3+ 21.
Qxh3 Bxh4 22. Qxh4 Rab8 23. b3 Nd7 24. f4 Nf6 25. e5 Nh7 26. Rd6 c4 27. b4 a5
28. Rb1 axb4 29. axb4 Red8 30. b5 Rxd6 31. exd6 Qb6+ 32. Qf2 Qxf2+ 33. Kxf2 Bd5
34. Ra1 Nf6 35. h3 g6 36. Ra6 Bb7 37. Ra4 Nd5 38. Rxc4 Nxc3 39. Rxc3 Bd5 40. d7
Bb7 41. Rc7 1-0

[Event "Frankfurt Ch 2010"]
[Site "Ffm-Kalbach, LAZ"]
[Date "2010.05.17"]
[Round "4.38"]
[White "Djakow, Alexander"]
[Black "Fischer, Ulrich"]
[Result "0-1"]
[WhiteElo "1833"]
[BlackElo "1727"]
[PlyCount "50"]
[EventDate "2010.??.??"]
[SourceDate "2009.03.13"]
[WhiteTeam "SC Bad Nauheim"]
[BlackTeam "Frankfurter TV 1860"]

1. d4 d5 2. c4 e6 3. Nc3 c6 4. e3 Nf6 5. Nf3 Nbd7 6. Bd3 dxc4 7. Bxc4 b5 8. Bd3
Bb7 9. O-O a6 10. Re1 c5 11. h3 cxd4 12. exd4 Be7 13. Bf4 O-O 14. Qe2 Nd5 15.
Nxd5 Bxd5 16. Rac1 Bb4 17. Bxh7+ Kxh7 18. Ng5+ Kg8 19. Qh5 Nf6 20. Qh4 Bxe1 21.
Rxe1 Qe7 22. Be5 Rfc8 23. f4 Rc2 24. Bxf6 Rxg2+ 25. Kf1 Qxf6 0-1

[Event "Frankfurt Ch 2010"]
[Site "Ffm-Kalbach, LAZ"]
[Date "2010.05.17"]
[Round "4.39"]
[White "Riha, Peter"]
[Black "Thomele, Michael"]
[Result "1/2-1/2"]
[WhiteElo "1821"]
[BlackElo "1827"]
[PlyCount "72"]
[EventDate "2010.??.??"]
[SourceDate "2009.03.13"]
[WhiteTeam "SC Bergen-Enkheim 1922"]
[BlackTeam "SC 1959 Obernau"]

1. d4 d5 2. Bf4 c6 3. Nf3 Nf6 4. e3 Bf5 5. c4 a6 6. a4 e6 7. c5 Nh5 8. Bg5 Be7
9. Bxe7 Qxe7 10. Ne5 Nf6 11. Nd2 Nbd7 12. f4 h5 13. Ndf3 Bg4 14. Bd3 Ne4 15.
Nxd7 Qxd7 16. Qc2 Bxf3 17. gxf3 Nf6 18. Rg1 g6 19. Kd2 Qe7 20. b4 Nd7 21. b5
Qh4 22. Kc3 Qd8 23. b6 Qe7 24. Qg2 Nxc5 25. dxc5 Qxc5+ 26. Kd2 Qxb6 27. Rgb1
Qc7 28. Qg5 c5 29. Qe5 Qxe5 30. fxe5 c4 31. Bc2 Rb8 32. Rb6 Kd7 33. Rab1 Kc7
34. f4 Rhd8 35. Kc3 Rg8 36. h4 Rgd8 1/2-1/2

[Event "Frankfurt Ch 2010"]
[Site "Ffm-Kalbach, LAZ"]
[Date "2010.05.17"]
[Round "4.40"]
[White "Hillgärtner, Walter"]
[Black "Schellen, Sven"]
[Result "1-0"]
[WhiteElo "1946"]
[BlackElo "1633"]
[PlyCount "115"]
[EventDate "2010.??.??"]
[SourceDate "2009.03.13"]
[WhiteTeam "SC Bad Nauheim"]
[BlackTeam "Sfr. Frankfurt 1921"]

1. Nf3 Nf6 2. c4 c6 3. g3 d5 4. Bg2 Bf5 5. cxd5 cxd5 6. O-O Nc6 7. a3 e5 8. d3
Bc5 9. b4 Bb6 10. Bb2 e4 11. Nh4 Be6 12. Nd2 e3 13. fxe3 Bxe3+ 14. Kh1 d4 15.
Ne4 Nxe4 16. dxe4 Ne5 17. Nf5 Bxf5 18. exf5 Ng4 19. Qa4+ Ke7 20. Bf3 h5 21. Kg2
Qc7 22. Qb5 Rab8 23. Qc5+ Qxc5 24. bxc5 Rhc8 25. a4 Ke8 26. Ba3 Nf6 27. Rab1 d3
28. exd3 Bxc5 29. Bb2 b6 30. Be5 Ng4 31. Bxg4 hxg4 32. Bxb8 Rxb8 33. Rfe1+ Kf8
34. Re4 Rd8 35. d4 Ba3 36. Rxg4 Rd5 37. Rb5 Rd6 38. Re4 g6 39. fxg6 fxg6 40.
Rb3 Bc1 41. Rf3+ Kg7 42. Re7+ Kh6 43. Rd3 a5 44. d5 b5 45. axb5 a4 46. Ra7 a3
47. Kf3 Kg5 48. Ke4 Bb2 49. Rdxa3 Bxa3 50. Rxa3 Kg4 51. Ke5 Rb6 52. Rb3 Kg5 53.
d6 Rb8 54. d7 Kh6 55. b6 Kg7 56. Kd6 Rf8 57. Kc7 Rf7 58. b7 1-0

[Event "Frankfurt Ch 2010"]
[Site "Ffm-Kalbach, LAZ"]
[Date "2010.05.17"]
[Round "4.41"]
[White "Ottenburg, Ralph"]
[Black "Lehmann, Gerit"]
[Result "0-1"]
[WhiteElo "1920"]
[BlackElo "1486"]
[PlyCount "138"]
[EventDate "2010.??.??"]
[SourceDate "2009.03.13"]
[WhiteTeam "Sfr. Frankfurt 1921"]
[BlackTeam "SC 1924 Lampertheim"]

1. d4 d5 2. c4 e6 3. Nf3 Nf6 4. g3 c6 5. Bg2 Be7 6. O-O O-O 7. Qc2 b6 8. b3 Bb7
9. Bb2 Nbd7 10. Nbd2 Rc8 11. e4 dxe4 12. Nxe4 Nxe4 13. Qxe4 Nf6 14. Qe2 Rc7 15.
Rad1 Qc8 16. a3 Rd8 17. Bh3 Qb8 18. Rfe1 Qa8 19. c5 Nd5 20. b4 b5 21. Ne5 Bc8
22. f4 f5 23. Nf3 Kf7 24. Ne5+ Kg8 25. Nf3 Bf6 26. Qc2 g6 27. Bg2 a5 28. Bc3
Nxc3 29. Qxc3 a4 30. Ne5 Bxe5 31. dxe5 Rcd7 32. Rd6 Rxd6 33. cxd6 Bd7 34. Qe3
Qb7 35. Rc1 Rc8 36. Rc5 Qb6 37. Qc1 Kf7 38. Bf3 Qa6 39. Qf1 Qb6 40. Qh3 Kg7 41.
Kf2 Qd8 42. Qg2 Qb6 43. Ke2 Kf7 44. Qf2 Qa6 45. h3 Qb6 46. Qg2 Kg7 47. Qf2 Kf7
48. Rc1 Qxf2+ 49. Kxf2 Ke8 50. Ke3 Kd8 51. g4 Be8 52. Kd4 Bd7 53. Kc5 Rb8 54.
Bxc6 Bxc6 55. Kxc6 Rc8+ 56. Kxb5 Rxc1 57. gxf5 gxf5 58. Kxa4 Rc4 59. Kb5 Rxf4
60. a4 Kc8 61. a5 Rf1 62. a6 Ra1 63. Kb6 Kd7 64. b5 f4 65. Kb7 f3 66. a7 f2 67.
a8=Q Rxa8 68. Kxa8 f1=Q 69. b6 Qa6+ 0-1

[Event "Frankfurt Ch 2010"]
[Site "Ffm-Kalbach, LAZ"]
[Date "2010.05.17"]
[Round "4.43"]
[White "Schlößner, Henrik"]
[Black "Ahlheim, Marcus"]
[Result "1-0"]
[WhiteElo "2043"]
[BlackElo "1548"]
[PlyCount "91"]
[EventDate "2010.??.??"]
[SourceDate "2009.03.13"]
[WhiteTeam "SV Kinzigtal"]
[BlackTeam "Sfr.1891 Friedberg"]

1. e4 c5 2. Nf3 Nc6 3. d4 cxd4 4. Nxd4 Nf6 5. Nc3 e5 6. Ndb5 d6 7. Bg5 a6 8.
Na3 b5 9. Nd5 Be7 10. Bxf6 Bxf6 11. c3 Bb7 12. Nc2 Ne7 13. Nxf6+ gxf6 14. Bd3
d5 15. f3 Qb6 16. Qe2 Rc8 17. Qf2 Qxf2+ 18. Kxf2 dxe4 19. fxe4 f5 20. Rhe1 fxe4
21. Bxe4 Bxe4 22. Rxe4 Nc6 23. g4 h5 24. g5 h4 25. a4 Rg8 26. axb5 axb5 27.
Rxh4 Rxg5 28. Ra6 Kd7 29. Ne3 Ke6 30. Rb6 f5 31. Rh6+ Kd7 32. Rb7+ Rc7 33. Rh7+
Ne7 34. Rxc7+ Kxc7 35. Rxe7+ Kd6 36. Rb7 Kc6 37. Rh7 f4 38. Rh6+ Kd7 39. Nd5
Rf5 40. Kf3 Rf8 41. h4 Rf7 42. Rb6 Rf8 43. Rxb5 Rh8 44. h5 Ke6 45. c4 Rxh5 46.
Nxf4+ 1-0

[Event "Frankfurt Ch 2010"]
[Site "Ffm-Kalbach, LAZ"]
[Date "2010.05.17"]
[Round "4.44"]
[White "Weber, Andreas"]
[Black "Jaklitsch, Albert"]
[Result "1-0"]
[WhiteElo "1895"]
[BlackElo "1534"]
[PlyCount "51"]
[EventDate "2010.??.??"]
[SourceDate "2009.03.13"]
[WhiteTeam "Sfr. Frankfurt 1921"]
[BlackTeam "vereinslos"]

1. e4 e5 2. f4 exf4 3. Nf3 Be7 4. Bc4 Bh4+ 5. Ke2 Qf6 6. d4 Qg6 7. Nxh4 Qxe4+
8. Kf2 Qc6 9. Re1+ Kf8 10. Qe2 d5 11. Bb5 Qe6 12. Qf3 Qxe1+ 13. Kxe1 g5 14.
Qa3+ Kg7 15. Nf3 f6 16. Nc3 c6 17. Bd3 Nh6 18. Bd2 Re8+ 19. Kf1 Bf5 20. Re1
Bxd3+ 21. cxd3 Rxe1+ 22. Kxe1 Nf5 23. Qb3 Nd6 24. Qb4 g4 25. Qxd6 gxf3 26. gxf3
1-0

[Event "Frankfurt Ch 2010"]
[Site "Ffm-Kalbach, LAZ"]
[Date "2010.05.17"]
[Round "4.45"]
[White "Bitzer, André"]
[Black "Popp, Matthias"]
[Result "1/2-1/2"]
[WhiteElo "1720"]
[BlackElo "1525"]
[PlyCount "84"]
[EventDate "2010.??.??"]
[SourceDate "2009.03.13"]
[WhiteTeam "SV Griesheim(DA)"]
[BlackTeam "SC Bergen-Enkheim 1922"]

1. b3 Nf6 2. Bb2 d6 3. f4 c6 4. g3 Qb6 5. Bg2 Nbd7 6. Nf3 Nc5 7. e3 Bg4 8. O-O
Nce4 9. Qe2 O-O-O 10. d3 Nc5 11. Nbd2 d5 12. h3 Bxf3 13. Nxf3 e6 14. Ne5 Qc7
15. Rac1 Ne8 16. Rfd1 f6 17. Nf3 Nd6 18. c4 Nf5 19. g4 Ne7 20. cxd5 Nxd5 21.
Bd4 Nd7 22. Qb2 Bd6 23. Bxa7 b6 24. Nd4 Bc5 25. Bxd5 exd5 26. Ne6 Bxe3+ 27. Kg2
Bxc1 28. Rxc1 Qxa7 29. Rxc6+ Kb8 30. Rc7 Qa6 31. Qf2 Rhe8 32. Rc6 Rc8 33. Rd6
Qb7 34. Nxg7 d4+ 35. Kg3 Re3+ 36. Kh4 Nc5 37. Rxd4 Rxd3 38. Nh5 Rxd4 39. Qxd4
Qd7 40. Qxf6 Rc6 41. Qf8+ Rc8 42. Qh6 Rc6 1/2-1/2

[Event "Frankfurt Ch 2010"]
[Site "Ffm-Kalbach, LAZ"]
[Date "2010.05.17"]
[Round "4.46"]
[White "Witt, Holger"]
[Black "Seickel, Ralf"]
[Result "0-1"]
[WhiteElo "1590"]
[BlackElo "1720"]
[PlyCount "88"]
[EventDate "2010.??.??"]
[SourceDate "2009.03.13"]
[WhiteTeam "SC 1934 Viernheim"]
[BlackTeam "vereinslos"]

1. d4 Nf6 2. Nf3 g6 3. c4 Bg7 4. Nc3 O-O 5. Bg5 d6 6. e3 Nbd7 7. Be2 Re8 8. O-O
e5 9. dxe5 Nxe5 10. Nxe5 Rxe5 11. Bf4 Re8 12. Bg5 Re5 13. Bf4 Re8 14. Bg5 h6
15. Bh4 g5 16. Bg3 Ne4 17. Nxe4 Rxe4 18. Bd3 Re8 19. Rb1 f5 20. Re1 Qf6 21. f3
Be6 22. Qc2 a5 23. b3 b6 24. Re2 Re7 25. Rbe1 Bd7 26. Bf2 Rae8 27. e4 f4 28. h3
h5 29. Rc1 g4 30. hxg4 hxg4 31. fxg4 Bxg4 32. Ree1 f3 33. Be3 Re5 34. Bd4 Qh6
35. Bxe5 Bxe5 36. gxf3 Bxf3 37. Kf2 Rf8 38. Rg1+ Kh8 39. Rg8+ Kxg8 40. Rg1+ Kh8
41. Qc1 Qh2+ 42. Ke3 Qf4+ 43. Kf2 Bd4+ 44. Ke1 Qxc1# 0-1

[Event "Frankfurt Ch 2010"]
[Site "Ffm-Kalbach, LAZ"]
[Date "2010.05.17"]
[Round "4.47"]
[White "Barisch, Florian"]
[Black "Knott, Tilo"]
[Result "1/2-1/2"]
[WhiteElo "1932"]
[BlackElo "1484"]
[PlyCount "50"]
[EventDate "2010.??.??"]
[SourceDate "2009.03.13"]
[WhiteTeam "SV 1934 Ffm-Griesheim"]
[BlackTeam "SC Brett vor'm Kopp Ffm"]

1. d4 f5 2. Bg5 g6 3. Nc3 Bg7 4. e4 d6 5. Bd3 fxe4 6. Nxe4 Nd7 7. c3 Ngf6 8.
Qb3 d5 9. Nd2 O-O 10. Ngf3 c6 11. O-O-O Qc7 12. Rde1 Re8 13. Bh4 Qb6 14. Qc2 c5
15. Qd1 Qa5 16. Kb1 c4 17. Bc2 b5 18. Ka1 b4 19. cxb4 Qxb4 20. Bg3 c3 21. bxc3
Qxc3+ 22. Kb1 Ba6 23. Nb3 Rac8 24. Qd2 Qc6 25. Rc1 Bc4 1/2-1/2

[Event "Frankfurt Ch 2010"]
[Site "Ffm-Kalbach, LAZ"]
[Date "2010.05.17"]
[Round "4.48"]
[White "Zerhusen, Martin"]
[Black "Bock, Mario"]
[Result "1/2-1/2"]
[WhiteElo "1696"]
[BlackElo "1468"]
[PlyCount "78"]
[EventDate "2010.??.??"]
[SourceDate "2009.03.13"]
[WhiteTeam "SV Oberursel"]
[BlackTeam "Sfr. Frankfurt 1921"]

1. d4 d5 2. c4 e6 3. Nc3 Nf6 4. Bg5 Nbd7 5. e3 c6 6. a3 Be7 7. Nf3 O-O 8. Bd3
dxc4 9. Bxc4 c5 10. O-O b6 11. Rc1 Bb7 12. h3 Ne4 13. Bf4 Ndf6 14. Qe2 Nxc3 15.
Rxc3 Ne4 16. Rc2 cxd4 17. Nxd4 Bd6 18. Bxd6 Nxd6 19. Bd3 e5 20. Nc6 Qg5 21. Qg4
Qxg4 22. hxg4 e4 23. Be2 Rfe8 24. Rd1 Re6 25. Rdc1 Kf8 26. Nd4 Ree8 27. Nb5
Nxb5 28. Bxb5 Re5 29. Bc6 Re7 30. Bxb7 Rxb7 31. Rc7 Rxc7 32. Rxc7 a6 33. Kf1 b5
34. Ke2 Re8 35. Kd2 Re6 36. Ke2 h6 37. f3 exf3+ 38. gxf3 Rd6 39. Ra7 g6 1/2-1/2

[Event "Frankfurt Ch 2010"]
[Site "Ffm-Kalbach, LAZ"]
[Date "2010.05.17"]
[Round "4.49"]
[White "Wolff, Juergen"]
[Black "Herwig-Päutz, Martin"]
[Result "1-0"]
[WhiteElo "1696"]
[BlackElo "1418"]
[PlyCount "53"]
[EventDate "2010.??.??"]
[SourceDate "2009.03.13"]
[WhiteTeam "SC 1933 Somborn"]
[BlackTeam "SC Nidderau"]

1. e4 c5 2. Nf3 d6 3. d4 cxd4 4. Nxd4 Nf6 5. Nc3 a6 6. Bc4 Nxe4 7. Qh5 g6 8.
Qd5 Be6 9. Nxe6 Nxc3 10. bxc3 fxe6 11. Qxb7 Bg7 12. O-O Nd7 13. Bxe6 Nc5 14.
Qc6+ Kf8 15. Qf3+ Bf6 16. Bh6+ Ke8 17. Qc6+ Nd7 18. Bxd7+ Qxd7 19. Qxa8+ Kf7
20. Qxa6 g5 21. Qd3 Qg4 22. f4 gxf4 23. Bxf4 e5 24. Bxe5 dxe5 25. Qd6 Qg5 26.
Rxf6+ Qxf6 27. Rf1 1-0

[Event "Frankfurt Ch 2010"]
[Site "Ffm-Kalbach, LAZ"]
[Date "2010.05.17"]
[Round "4.50"]
[White "Lanz, Jürgen"]
[Black "Krischak, Werner"]
[Result "1-0"]
[WhiteElo "1553"]
[BlackElo "1827"]
[PlyCount "77"]
[EventDate "2010.??.??"]
[SourceDate "2009.03.13"]
[WhiteTeam "SC 1979 Hattersheim"]
[BlackTeam "SK Marburg 1931/72"]

1. Nf3 Nf6 2. g3 d5 3. Bg2 c5 4. O-O Nc6 5. c4 d4 6. d3 e5 7. Bg5 Be7 8. Nbd2
h6 9. Bxf6 Bxf6 10. Ne4 Be7 11. a3 Qc7 12. h3 Be6 13. g4 f6 14. Nh4 h5 15. Ng6
Rh6 16. Nxe7 Qxe7 17. f3 O-O-O 18. Qd2 f5 19. gxf5 Bxf5 20. Qg5 Bxe4 21. Qxe7
Nxe7 22. fxe4 Ng6 23. Rf7 Rd7 24. Rf5 Re7 25. Bf3 Nf4 26. Kh2 g6 27. Rf8+ Kc7
28. b4 g5 29. Kg3 Rg7 30. Rh1 Rhg6 31. Kf2 Ra6 32. bxc5 Rxa3 33. Re8 Ra2 34.
Kf1 g4 35. hxg4 hxg4 36. Bxg4 Ra1+ 37. Kf2 Nxd3+ 38. exd3 Rxg4 39. Rh7+ 1-0

[Event "Frankfurt Ch 2010"]
[Site "Ffm-Kalbach, LAZ"]
[Date "2010.05.17"]
[Round "4.51"]
[White "Cipca, Adrian"]
[Black "Hartmann, Stephan"]
[Result "1/2-1/2"]
[WhiteElo "1689"]
[BlackElo "1406"]
[PlyCount "71"]
[EventDate "2010.??.??"]
[SourceDate "2009.03.13"]
[WhiteTeam "SK Bad Homburg 1927"]
[BlackTeam "SG Turm Idstein"]

1. e4 e5 2. Nf3 Nc6 3. Bb5 d6 4. O-O Nf6 5. Re1 Bd7 6. c3 Be7 7. d4 exd4 8.
cxd4 O-O 9. Nc3 a6 10. Ba4 Bg4 11. Be3 Nd7 12. h3 Bh5 13. Rc1 f5 14. exf5 Nb6
15. Bb3+ d5 16. g4 Bf7 17. Ne5 Na5 18. Na4 Nxb3 19. Qxb3 Nxa4 20. Qxa4 c6 21.
Bd2 Be8 22. Bb4 c5 23. Qb3 cxb4 24. Re2 Rc8 25. Rxc8 Qxc8 26. Qxd5+ Kh8 27. Nd3
Bf7 28. Qf3 Bd6 29. b3 Qc6 30. Qe3 Bd5 31. Ne5 Qc7 32. f4 Qc3 33. Nd3 Qc7 34.
Ne5 Qc3 35. Nd3 Qc7 36. Ne5 1/2-1/2

[Event "Frankfurt Ch 2010"]
[Site "Ffm-Kalbach, LAZ"]
[Date "2010.05.17"]
[Round "4.52"]
[White "Kletzerman, Simon"]
[Black "Budde, Michael"]
[Result "1-0"]
[WhiteElo "1541"]
[BlackElo "1688"]
[PlyCount "51"]
[EventDate "2010.??.??"]
[SourceDate "2009.03.13"]
[WhiteTeam "TuS Makkabi Ffm"]
[BlackTeam "SC 1979 Hattersheim"]

1. e4 e5 2. Nf3 Nf6 3. Nxe5 d6 4. Nf3 Nxe4 5. Bc4 Be7 6. d3 Nf6 7. Be3 Nc6 8.
a3 Bg4 9. Nbd2 Ne5 10. Ba2 O-O 11. h3 Bh5 12. g4 Bg6 13. Qe2 Nfd7 14. O-O-O c6
15. Nd4 c5 16. Nf5 Bxf5 17. gxf5 Bg5 18. f4 c4 19. dxc4 Bf6 20. fxe5 Bxe5 21.
Nf3 Qf6 22. Nxe5 Qxe5 23. Qf2 Nc5 24. Bxc5 dxc5 25. Rd5 Qe4 26. Re1 1-0